Biggest Countries by Population, but... #5 - Statistics

General Stats
  • This quiz has been taken 162 times
  • The average score is 25 of 42
Answer Stats
Population Country % Correct
1,009 mil China
99%
788 mil India
98%
199 mil United States
96%
128 mil Brazil
95%
131 mil Indonesia
92%
93.8 mil Russia
90%
52.1 mil Germany
89%
165 mil Nigeria
88%
83.4 mil Mexico
87%
42.1 mil France
86%
72.0 mil Japan
86%
109 mil Pakistan
86%
129 mil Bangladesh
84%
76.3 mil Egypt
78%
54.0 mil Iran
78%
43.3 mil Italy
78%
47.8 mil South Africa
78%
44.9 mil Turkey
78%
47.0 mil Ethiopia
77%
62.5 mil D. R. Congo
76%
66.9 mil Vietnam
75%
81.6 mil Philippines
74%
48.2 mil Thailand
70%
39.5 mil California
64%
44.3 mil Tanzania
57%
237 mil Uttar Pradesh
54%
56.2 mil England
47%
126 mil Guangdong
44%
40.6 mil Myanmar
43%
46.6 mil São Paulo
41%
115 mil Punjab
36%
42.6 mil Dhaka
28%
99.6 mil West Bengal
25%
48.2 mil West Java
25%
123 mil Maharashtra
22%
101 mil Shandong
22%
124 mil Bihar
20%
99.3 mil Henan
16%
84.7 mil Jiangsu
16%
40.6 mil East Java
14%
44.0 mil Oromia
12%
36.5 mil Central Java
11%
No matching quizzes found
Score Distribution
Percent of People with Each Score
Percentile by Number Answered
Your Score History
You have not taken this quiz